[Event "World Blitz 2023"]
[Site "Samarkand UZB"]
[Date "2023.12.29"]
[EventDate "2023.12.29"]
[Round "9.33"]
[Result "1-0"]
[White "David Paravyan"]
[Black "Arystanbek Urazayev"]
[WhiteElo "2566"]
[BlackElo "2408"]
[PlyCount "108"]

1. e4 e5 2. Nf3 Nc6 3. Bc4 Bc5 4. d3 Nf6 5. Nc3 h6 6. Be3 d6 7. Bxc5 dxc5
8. Bb5 Bg4 9. h3 Bxf3 10. Bxc6+ bxc6 11. Qxf3 Rb8 12. Rb1 O-O 13. O-O Qd4
14. Ne2 Qa4 15. b3 Qxa2 16. Rfc1 Qa5 17. Ra1 Qd2 18. Qe3 Qxe3 19. fxe3 Rb7
20. Ra6 Nd7 21. Rxc6 f5 22. exf5 Rxf5 23. Ra1 Rf6 24. Rxf6 Nxf6 25. Nc3 Kf7
26. Ra5 e4 27. dxe4 Nd7 28. Nb5 Ke7 29. Nxa7 Kd6 30. Nb5+ Ke5 31. Nc3 c6
32. Kf2 Kd6 33. Na4 Rb8 34. Nxc5 Nxc5 35. e5+ Kd5 36. c4+ Kxe5 37. Rxc5+
Kd6 38. Rf5 Rxb3 39. Rf7 Rc3 40. Rxg7 Rxc4 41. Rg6+ Kd5 42. Rxh6 Rc1 43.
Kf3 c5 44. e4+ Ke5 45. Rh5+ Kd6 46. Rd5+ Kc6 47. h4 c4 48. h5 c3 49. Kg3
Re1 50. Rd3 Rc1 51. Kh2 c2 52. Rc3+ Kd6 53. h6 Ke5 54. h7 1-0

[Event "World Blitz 2023"]
[Site "Samarkand UZB"]
[Date "2023.12.29"]
[EventDate "2023.12.29"]
[Round "9.34"]
[Result "1/2-1/2"]
[White "Aleksey Grebnev"]
[Black "Mikhail Kobalia"]
[WhiteElo "2404"]
[BlackElo "2558"]
[PlyCount "122"]

1. Nf3 d5 2. e3 Nf6 3. c4 c6 4. Nc3 e6 5. d4 a6 6. b3 Bb4 7. Bd2 O-O 8. Bd3
Nbd7 9. O-O Qe7 10. Qe1 dxc4 11. Bxc4 e5 12. h3 exd4 13. exd4 Nb6 14. Qxe7
Bxe7 15. Rfe1 Bb4 16. Bd3 h6 17. Ne4 Bxd2 18. Nxf6+ gxf6 19. Nxd2 Nd5 20.
Ne4 Rd8 21. Bc4 Kg7 22. Rad1 Bf5 23. Ng3 Bg6 24. Rd2 Rd7 25. Bxd5 Rxd5 26.
Re7 c5 27. Ne2 cxd4 28. Rxd4 Rad8 29. Rxd5 Rxd5 30. Nf4 Rd2 31. Rxb7 Rxa2
32. Ne6+ Kg8 33. Nc5 a5 34. Ra7 Bc2 35. Ra6 Kg7 36. b4 a4 37. b5 Rb2 38. b6
Bb3 39. b7 Bd5 40. Ra7 a3 41. Rxa3 Bxb7 42. Rg3+ Kf8 43. Rb3 Rxb3 44. Nxb3
Kg7 45. Nc5 Bc6 46. Nd3 Kg6 47. Nf4+ Kf5 48. g3 Bf3 49. Kf1 Ke4 50. h4 Kd4
51. Nh3 Ke4 52. Nf4 Kd4 53. Kg1 Ke4 54. Kh2 Kf5 55. Nh3 Ke4 56. Ng1 Bd1 57.
Kg2 Kd3 58. Nh3 Ke4 59. Ng1 Kd3 60. Kh3 Ke4 61. Kg2 Ke5 1/2-1/2

[Event "World Blitz 2023"]
[Site "Samarkand UZB"]
[Date "2023.12.29"]
[EventDate "2023.12.29"]
[Round "9.35"]
[Result "1-0"]
[White "Denis Lazavik"]
[Black "Zhandos Agmanov"]
[WhiteElo "2556"]
[BlackElo "2407"]
[PlyCount "56"]

1. d4 d5 2. c4 e6 3. Nf3 Nf6 4. g3 Bb4+ 5. Bd2 Be7 6. Bg2 O-O 7. Qc2 c6 8.
Bf4 Nbd7 9. Nbd2 Nh5 10. Be3 Nhf6 11. Rc1 b6 12. O-O Bb7 13. Rfd1 Rc8 14.
Ne5 Nxe5 15. dxe5 Ng4 16. Bd4 c5 17. Bc3 Qc7 18. cxd5 exd5 19. Nf3 d4 20.
Bxd4 Bxf3 21. Bxf3 Nxe5 22. Bg2 Bf6 23. Bc3 Rcd8 24. h3 Qe7 25. e3 Nd7 26.
Be1 g6 27. b3 Bg7 28. Rd2 Ne5 1-0

[Event "World Blitz 2023"]
[Site "Samarkand UZB"]
[Date "2023.12.29"]
[EventDate "2023.12.29"]
[Round "9.36"]
[Result "1-0"]
[White "Mukhammadali Abdurakhmonov"]
[Black "Denis Khismatullin"]
[WhiteElo "2214"]
[BlackElo "2552"]
[PlyCount "72"]

1. d4 Nf6 2. Bg5 e6 3. e4 h6 4. Bxf6 Qxf6 5. Nf3 d6 6. e5 Qd8 7. Bd3 c5 8.
dxc5 dxe5 9. Nxe5 Nd7 10. Nxd7 Bxd7 11. O-O Bxc5 12. Be4 Qc7 13. Qf3 f5 14.
Bxb7 Rb8 15. Qh5+ Ke7 16. Bf3 Rxb2 17. Nd2 Rxc2 18. Nb3 Bb6 19. Rad1 Bb5
20. Qh4+ Kf7 21. Nd4 Bxd4 22. Bh5+ Kg8 23. Rxd4 Kh7 24. Re1 Rc1 25. Rdd1
Rxd1 26. Rxd1 Rc8 27. h3 Qe5 28. Qe7 Rc7 29. Qf8 Qf6 30. Qb8 Qe5 31. Qf8
Ba4 32. Rb1 Bc6 33. Rb8 Qe1+ 34. Kh2 Qe5+ 35. g3 g6 36. Qg8# 1-0

[Event "World Blitz 2023"]
[Site "Samarkand UZB"]
[Date "2023.12.29"]
[EventDate "2023.12.29"]
[Round "9.37"]
[Result "0-1"]
[White "Maksim Tsaruk"]
[Black "Conrad Holt"]
[WhiteElo "2378"]
[BlackElo "2592"]
[PlyCount "60"]

1. e4 e6 2. d4 d5 3. Nd2 Be7 4. Bd3 c5 5. dxc5 Nf6 6. Qe2 O-O 7. Ngf3 a5 8.
O-O Na6 9. e5 Nd7 10. a4 Ndxc5 11. Bb5 Nc7 12. Nd4 Nxb5 13. axb5 Bd7 14. b3
Qc7 15. c4 Rfd8 16. cxd5 exd5 17. Ba3 Qb6 18. Rfc1 Re8 19. Qe3 Bf8 20. N2f3
Rac8 21. Nc6 Qxb5 22. Na7 Qxb3 23. Nxc8 Qxe3 24. fxe3 Rxc8 25. Rab1 b5 26.
Bxc5 Bxc5 27. Nd4 b4 28. Rb2 a4 29. Rbc2 b3 30. Rxc5 Rxc5 0-1

[Event "World Blitz 2023"]
[Site "Samarkand UZB"]
[Date "2023.12.29"]
[EventDate "2023.12.29"]
[Round "9.39"]
[Result "1-0"]
[White "Giga Quparadze"]
[Black "Mamikon Gharibyan"]
[WhiteElo "2617"]
[BlackElo "2444"]
[PlyCount "76"]

1. e4 c5 2. Nf3 Nc6 3. Bb5 e6 4. O-O Nge7 5. c3 a6 6. Ba4 b5 7. Bc2 Bb7 8.
a4 Rc8 9. Re1 Ng6 10. Na3 b4 11. Nc4 Na5 12. Nxa5 Qxa5 13. cxb4 cxb4 14. d4
Bd6 15. Bb3 O-O 16. d5 exd5 17. exd5 Rfe8 18. Be3 Bf4 19. Qd4 Bxe3 20. fxe3
Qc5 21. Rad1 d6 22. Qxc5 Rxc5 23. e4 Kf8 24. Nd4 Ne5 25. Rf1 a5 26. Ne6+
Ke7 27. Nxc5 dxc5 28. d6+ Kd7 29. Bxf7 Rc8 30. Rf5 Ng4 31. Bc4 Ne3 32. Rf7+
Kc6 33. Bb5+ Kb6 34. Rd3 Nc2 35. d7 Rd8 36. e5 Nd4 37. Rxd4 cxd4 38. e6 1-0

[Event "World Blitz 2023"]
[Site "Samarkand UZB"]
[Date "2023.12.29"]
[EventDate "2023.12.29"]
[Round "9.40"]
[Result "1-0"]
[White "Andrey Gorovets"]
[Black "V Pranav"]
[WhiteElo "2418"]
[BlackElo "2562"]
[PlyCount "54"]

1. Nf3 Nf6 2. g3 d5 3. Bg2 c6 4. O-O Bg4 5. h3 Bh5 6. c4 e6 7. d4 Nbd7 8.
cxd5 cxd5 9. Qb3 Qb6 10. Nc3 Be7 11. Qxb6 axb6 12. Bf4 O-O 13. Nb5 Ne4 14.
g4 Bg6 15. Rfc1 Rac8 16. Bc7 f5 17. a3 h5 18. gxh5 Bxh5 19. e3 g5 20. Ne5
Nxe5 21. Bxe5 Be2 22. Bxe4 Bxb5 23. Bf3 Kh7 24. Bc7 g4 25. hxg4 Bh4 26.
gxf5 Rxf5 27. Bf4 Rg8+ 1-0

[Event "World Blitz 2023"]
[Site "Samarkand UZB"]
[Date "2023.12.29"]
[EventDate "2023.12.29"]
[Round "9.41"]
[Result "0-1"]
[White "Abdimalik Abdisalimov"]
[Black "Alexander Moiseenko"]
[WhiteElo "2417"]
[BlackElo "2556"]
[PlyCount "74"]

1. c4 e5 2. d3 Bb4+ 3. Nd2 f5 4. a3 Bxd2+ 5. Bxd2 Nf6 6. Bc3 d6 7. g3 O-O
8. Bg2 a5 9. e3 a4 10. Ne2 Nc6 11. O-O Bd7 12. f4 Qe8 13. Qd2 Kh8 14. Rae1
Qh5 15. h3 Qg6 16. Kh2 Rae8 17. Qd1 Nd8 18. fxe5 dxe5 19. d4 e4 20. Nf4 Qh6
21. d5 Nf7 22. Kg1 Ne5 23. c5 Bb5 24. Rf2 Nd3 25. Nxd3 Bxd3 26. Rxf5 Qg6
27. g4 Nd7 28. Rxf8+ Rxf8 29. Qxa4 Nxc5 30. Qd4 b6 31. Qe5 Qf7 32. Kh1 Nb7
33. Bxe4 Bxe4+ 34. Qxe4 Nc5 35. Qc2 Nd3 36. Kg1 Nxe1 37. Bxe1 Qf1+ 0-1

[Event "World Blitz 2023"]
[Site "Samarkand UZB"]
[Date "2023.12.29"]
[EventDate "2023.12.29"]
[Round "9.42"]
[Result "0-1"]
[White "Aldiyar Ansat"]
[Black "Surya Shekhar Ganguly"]
[WhiteElo "2404"]
[BlackElo "2549"]
[PlyCount "62"]

1. e4 e5 2. Nf3 Nc6 3. Bb5 a6 4. Ba4 f5 5. d3 fxe4 6. dxe4 Nf6 7. Nc3 d6 8.
h3 Be7 9. a3 O-O 10. Bb3+ Kh8 11. Be3 Qe8 12. Qd3 Qg6 13. O-O-O b5 14. g4
b4 15. axb4 Nxb4 16. Qc4 a5 17. Qxc7 Qe8 18. Rxd6 a4 19. Bc4 a3 20. bxa3
Rxa3 21. Kb2 Rxc3 22. Kxc3 Bxd6 23. Qa7 Nxe4+ 24. Kb2 Rxf3 25. Rd1 Qc6 26.
Bb3 h6 27. g5 hxg5 28. Qa5 Rf8 29. h4 Be6 30. Qa4 Qc3+ 31. Kb1 Bxb3 0-1

[Event "World Blitz 2023"]
[Site "Samarkand UZB"]
[Date "2023.12.29"]
[EventDate "2023.12.29"]
[Round "9.43"]
[Result "1-0"]
[White "Evgeniy Najer"]
[Black "Emin Ohanyan"]
[WhiteElo "2545"]
[BlackElo "2387"]
[PlyCount "46"]

1. d4 Nf6 2. Nc3 d5 3. Bf4 a6 4. e3 e6 5. g4 Bb4 6. Ne2 Ne4 7. a3 Nxc3 8.
Nxc3 Bd6 9. Qd2 c5 10. dxc5 Bxc5 11. O-O-O Nc6 12. Bg3 b5 13. Bg2 Bb7 14.
Nxd5 exd5 15. Qc3 Bf8 16. Rxd5 Qf6 17. Re5+ Be7 18. g5 Qg6 19. Be4 Nxe5 20.
Bxg6 Bxh1 21. Bf5 f6 22. Bxe5 fxe5 23. Qxe5 Rf8 1-0

[Event "World Blitz 2023"]
[Site "Samarkand UZB"]
[Date "2023.12.29"]
[EventDate "2023.12.29"]
[Round "9.44"]
[Result "0-1"]
[White "Cem Kaan Gokerkan"]
[Black "Sergey Grigoriants"]
[WhiteElo "2365"]
[BlackElo "2532"]
[PlyCount "42"]

1. e4 c6 2. d4 d5 3. e5 Bf5 4. h4 a6 5. g4 Bd7 6. Nc3 c5 7. dxc5 e6 8. Be3
Qc7 9. Qd2 Bxc5 10. Bxc5 Qxc5 11. O-O-O Nc6 12. f4 O-O-O 13. h5 f6 14. exf6
Nxf6 15. g5 Ne4 16. Nxe4 dxe4 17. Ne2 e5 18. Qc3 Qxc3 19. Nxc3 exf4 20.
Nxe4 Bg4 21. Rxd8+ Rxd8 0-1

[Event "World Blitz 2023"]
[Site "Samarkand UZB"]
[Date "2023.12.29"]
[EventDate "2023.12.29"]
[Round "9.45"]
[Result "1-0"]
[White "Guha Mitrabha"]
[Black "Ediz Gurel"]
[WhiteElo "2512"]
[BlackElo "2359"]
[PlyCount "138"]

1. Nf3 Nf6 2. c4 e6 3. g3 d5 4. Bg2 Be7 5. O-O O-O 6. b3 c5 7. Bb2 Nc6 8.
cxd5 Nxd5 9. Nc3 b6 10. Nxd5 exd5 11. d4 Bb7 12. Rc1 Rc8 13. Qd3 Bf6 14.
Rfd1 Qe7 15. e3 Rfd8 16. Qb1 h6 17. Ba3 Nb4 18. Bxb4 cxb4 19. Qb2 g6 20.
Ne1 Kg7 21. Nd3 a5 22. Nf4 Qd6 23. Rxc8 Rxc8 24. Rc1 Rc6 25. Rxc6 Bxc6 26.
Qe2 Bg5 27. Nd3 Bf6 28. Qc2 g5 29. Nc1 Bd7 30. h3 Qc6 31. Qd1 Qd6 32. g4
Be6 33. Ne2 Qc6 34. Ng3 Kf8 35. Bf3 Qc3 36. Qb1 Kg8 37. Kg2 Be7 38. Be2 Bd6
39. Nf5 Bf8 40. Bd3 Qd2 41. Ng3 Bd6 42. Nh5 Qc3 43. Bf5 Qc8 44. Qd3 Kf8 45.
Nf6 Be7 46. Nh5 Bxf5 47. Qxf5 Qxf5 48. gxf5 Ke8 49. f3 Kd7 50. e4 b5 51.
Kg3 Bd8 52. Kf2 a4 53. Ke3 Kd6 54. Ng3 Bb6 55. Ne2 Ba7 56. Nc1 Bb6 57. Nd3
Ba5 58. Ne5 f6 59. Nf7+ Ke7 60. Nxh6 Bb6 61. Ng4 Ba7 62. Nf2 Kd6 63. Nd3
Bb6 64. Nxb4 dxe4 65. fxe4 Ba5 66. Nd5 Bc3 67. Nxc3 axb3 68. axb3 Kc6 69.
Nd1 Kd6 1-0

[Event "World Blitz 2023"]
[Site "Samarkand UZB"]
[Date "2023.12.29"]
[EventDate "2023.12.29"]
[Round "9.46"]
[Result "1-0"]
[White "Chongsheng Zeng"]
[Black "Gianmarco Leiva"]
[WhiteElo "2504"]
[BlackElo "2338"]
[PlyCount "120"]

1. e4 c6 2. Nf3 d5 3. Nc3 dxe4 4. Nxe4 Nf6 5. Bd3 Bg4 6. h3 Bh5 7. Qe2 e6
8. b3 Nxe4 9. Bxe4 Qf6 10. Rb1 Nd7 11. Bb2 Qf4 12. g3 Qc7 13. O-O Nf6 14.
Bd3 Bd6 15. Kg2 Qe7 16. Qe3 O-O 17. Rbe1 Bg6 18. Bxg6 hxg6 19. c4 a5 20. a4
Ba3 21. Be5 Nd7 22. Ba1 Bb4 23. Re2 b5 24. Ne5 Rfc8 25. h4 Nf6 26. Rh1 bxa4
27. bxa4 Bd6 28. Qf3 Qc7 29. g4 Rab8 30. h5 gxh5 31. g5 Ng4 32. Nxg4 hxg4
33. Qe4 Kf8 34. Qh7 Ke7 35. Bxg7 Rf8 36. Bf6+ Kd7 37. d4 c5 38. d5 Qb7 39.
Rd1 Kc7 40. Qe4 Rfe8 41. Rb2 Qa8 42. Qh7 Rf8 43. Rbd2 Rbe8 44. Kg1 e5 45.
Qf5 Qc8 46. Qe4 g3 47. fxg3 Qh3 48. Qh4 Qf5 49. Rf1 Qg6 50. Rb2 Rb8 51.
Rbf2 Rb3 52. Qg4 e4 53. Rg2 Re8 54. Qd1 Rxg3 55. Qe1 Rh3 56. Qxa5+ Kc8 57.
Qa8+ Kc7 58. Qc6+ Kb8 59. Rb2+ Ka7 60. Qb7# 1-0

[Event "World Blitz 2023"]
[Site "Samarkand UZB"]
[Date "2023.12.29"]
[EventDate "2023.12.29"]
[Round "9.47"]
[Result "1-0"]
[White "Artem Pingin"]
[Black "Deshun Xiu"]
[WhiteElo "2358"]
[BlackElo "2493"]
[PlyCount "132"]

1. e4 c5 2. Nf3 d6 3. d4 cxd4 4. Nxd4 Nf6 5. Nc3 a6 6. h3 g6 7. g4 Bg7 8.
Be3 Nc6 9. Qd2 O-O 10. Bg2 Bd7 11. O-O-O Rc8 12. Kb1 b5 13. Nxc6 Bxc6 14.
Nd5 Bxd5 15. exd5 Nd7 16. Bh6 Qc7 17. Bxg7 Kxg7 18. h4 h6 19. f4 Qc4 20. h5
Nf6 21. hxg6 fxg6 22. g5 Nh5 23. gxh6+ Kh7 24. f5 Nf4 25. fxg6+ Nxg6 26.
Rhe1 Rf4 27. b3 Qc3 28. Qxc3 Rxc3 29. Be4 Kxh6 30. Bxg6 Kxg6 31. Rxe7 Rf2
32. Rc1 Rc5 33. Re6+ Rf6 34. Re7 Rxd5 35. Ra7 Rf2 36. Rxa6 Kf7 37. Rc6 Ke7
38. Rc7+ Ke6 39. Re1+ Kf6 40. Re8 Rh2 41. Rc6 b4 42. Rc4 Rb5 43. Ree4 d5
44. Rf4+ Ke5 45. Rxb4 Rc5 46. Rh4 Rcxc2 47. Rxh2 Rxh2 48. a4 d4 49. a5 Ke4
50. a6 Rh7 51. Rb7 Rh1+ 52. Kb2 Rh2+ 53. Ka3 Rh6 54. a7 Ra6+ 55. Kb2 Kd3
56. Rc7 Ke2 57. b4 d3 58. b5 Ra5 59. Re7+ Kd1 60. b6 d2 61. Rd7 Rb5+ 62.
Ka2 Ra5+ 63. Kb2 Rb5+ 64. Kc3 Rc5+ 65. Kb4 Rc8 66. b7 Ra8 1-0

[Event "World Blitz 2023"]
[Site "Samarkand UZB"]
[Date "2023.12.29"]
[EventDate "2023.12.29"]
[Round "9.48"]
[Result "1-0"]
[White "Eldiar Orozbaev"]
[Black "Xiangyu Xu"]
[WhiteElo "2236"]
[BlackElo "2491"]
[PlyCount "68"]

1. e4 c5 2. c3 Nf6 3. e5 Nd5 4. d4 cxd4 5. Nf3 Nc6 6. cxd4 d6 7. Bc4 dxe5
8. Bxd5 Qxd5 9. Nc3 Qd6 10. d5 Nd4 11. Nxd4 exd4 12. Qxd4 e5 13. Qe4 Be7
14. f4 f6 15. O-O O-O 16. fxe5 Qxe5 17. Qc4 Qd6 18. Kh1 Kh8 19. Bf4 Qb4 20.
Qd3 Rd8 21. a3 Qa5 22. b4 Qa6 23. Qxa6 bxa6 24. Rfe1 Bf8 25. Rad1 Bb7 26.
Bc7 Rd7 27. d6 Bc6 28. Ne2 Kg8 29. Nf4 Ba4 30. Rd2 Kf7 31. Ne6 Re8 32. Ng5+
fxg5 33. Rf2+ Kg6 34. Rxe8 1-0

[Event "World Blitz 2023"]
[Site "Samarkand UZB"]
[Date "2023.12.29"]
[EventDate "2023.12.29"]
[Round "9.49"]
[Result "1/2-1/2"]
[White "Victor Bologan"]
[Black "Jakub Seemann"]
[WhiteElo "2489"]
[BlackElo "2332"]
[PlyCount "344"]

1. e4 c5 2. Nf3 d6 3. Bb5+ Nd7 4. d4 cxd4 5. Nxd4 a6 6. Bd3 Ngf6 7. c4 Nc5
8. Nc3 Nxd3+ 9. Qxd3 g6 10. O-O Bg7 11. f3 O-O 12. Be3 Bd7 13. a4 Qc7 14.
a5 Rac8 15. b3 e6 16. Rfc1 Rfd8 17. Nde2 Qb8 18. Bb6 Re8 19. Bd4 d5 20. e5
dxc4 21. bxc4 Nh5 22. g4 Bxe5 23. gxh5 Bxh2+ 24. Kg2 Bc6 25. Ne4 Be5 26.
Bxe5 Qxe5 27. Qd4 Qxd4 28. Nxd4 Bxe4 29. fxe4 gxh5 30. Kf3 Rc5 31. Ke3 Rec8
32. Ra4 h4 33. Nf3 h3 34. e5 R8c6 35. Kd4 Rc7 36. Rh1 R5c6 37. Rxh3 Rd7+
38. Ke4 Rd1 39. Rg3+ Kf8 40. Rb4 Rc7 41. Ng5 Re1+ 42. Kf4 Rf1+ 43. Ke4 Re1+
44. Re3 Rc1 45. Kd4 Rd1+ 46. Ke4 Rc1 47. Nxh7+ Kg7 48. Nf6 R1xc4+ 49. Rxc4
Rxc4+ 50. Kd3 Ra4 51. Rg3+ Kh6 52. Rg8 Rxa5 53. Ke4 Ra4+ 54. Kf3 b5 55. Ne4
Ra1 56. Rb8 Rf1+ 57. Kg4 Re1 58. Kf4 Rf1+ 59. Ke3 Kg6 60. Nd6 Kg7 61. Rb7
Kg6 62. Rb8 Re1+ 63. Kd4 Rd1+ 64. Ke4 Re1+ 65. Kf4 Rf1+ 66. Kg4 Rg1+ 67.
Kf3 Rf1+ 68. Ke2 Ra1 69. Rg8+ Kh7 70. Rg5 b4 71. Kd3 Rc1 72. Kd2 Rc5 73.
Nxf7 b3 74. Rg1 a5 75. Ng5+ Kh6 76. Nxe6 Rxe5 77. Nd4 a4 78. Kc3 Rc5+ 79.
Kb2 Rc4 80. Nb5 Rc2+ 81. Kb1 Kh5 82. Rg8 Rc5 83. Rb8 Kg4 84. Na3 Kf3 85.
Rb4 Ra5 86. Kb2 Ke2 87. Rh4 Ra8 88. Nb1 Kd3 89. Na3 Ra6 90. Rg4 Ra8 91. Nb5
Ra5 92. Na3 Ra8 93. Nc4 Ke2 94. Rd4 Ra6 95. Rd2+ Kf3 96. Ka3 Ke4 97. Nb2
Ke3 98. Rd8 Ra7 99. Nxa4 b2 100. Rb8 Kd4 101. Rxb2 Rh7 102. Rb4+ Kd5 103.
Rg4 Rb7 104. Nc3+ Kc5 105. Na2 Kd5 106. Nb4+ Ke5 107. Kb3 Kf5 108. Rg8 Rc7
109. Nd5 Rc5 110. Ne3+ Ke4 111. Nc4 Rc7 112. Kc3 Rd7 113. Re8+ Kf5 114.
Ne3+ Kf4 115. Kc4 Kf3 116. Nd5 Ra7 117. Re3+ Kf2 118. Rb3 Rh7 119. Nf6 Rh4+
120. Kd5 Rh8 121. Ke4 Rh4+ 122. Kf5 Ra4 123. Ne4+ Kg2 124. Kf4 Ra8 125.
Rb2+ Kg1 126. Ng5 Rf8+ 127. Kg3 Kf1 128. Ne4 Ke1 129. Ng5 Kd1 130. Nh3 Kc1
131. Rh2 Rg8+ 132. Kf3 Rh8 133. Ke3 Kb1 134. Kd3 Rd8+ 135. Ke4 Rh8 136. Kf3
Kc1 137. Kg4 Kb1 138. Re2 Ra8 139. Nf4 Ra2 140. Re3 Kb2 141. Nd3+ Kc3 142.
Nc1+ Kd4 143. Kf3 Ra8 144. Ne2+ Kc4 145. Rc3+ Kb4 146. Rc7 Re8 147. Nf4 Kb5
148. Nd3 Kb6 149. Rc1 Kb5 150. Kf4 Kb6 151. Ne5 Rh8 152. Ke4 Rd8 153. Nf7
Rd2 154. Ng5 Kb5 155. Ne6 Kb6 156. Nd4 Rh2 157. Rc6+ Kb7 158. Rg6 Rh5 159.
Nf5 Rh1 160. Kd5 Rd1+ 161. Nd4 Rc1 162. Nc6 Rd1+ 163. Kc5 Rc1+ 164. Kb5
Rb1+ 165. Nb4 Kc7 166. Kc5 Rc1+ 167. Kd4 Rd1+ 168. Nd3 Rh1 169. Ne5 Rd1+
170. Kc5 Rc1+ 171. Nc4 Kd7 172. Kd5 1/2-1/2

[Event "World Blitz 2023"]
[Site "Samarkand UZB"]
[Date "2023.12.29"]
[EventDate "2023.12.29"]
[Round "9.50"]
[Result "0-1"]
[White "Saidakbar Saydaliev"]
[Black "Savva Vetokhin"]
[WhiteElo "2323"]
[BlackElo "2483"]
[PlyCount "58"]

1. Nf3 Nf6 2. c4 e6 3. e3 d5 4. Nc3 c5 5. cxd5 exd5 6. Bb5+ Nc6 7. Ne5 Qc7
8. Qa4 Bd7 9. Nxd7 Qxd7 10. Bxc6 bxc6 11. O-O Bd6 12. b3 O-O 13. Bb2 Rfe8
14. Rac1 Rab8 15. Qa6 c4 16. Ba3 cxb3 17. Bxd6 Qxd6 18. axb3 Ng4 19. g3
Rxb3 20. Qxa7 Ne5 21. Kg2 Qf6 22. f4 Nc4 23. Rf2 Nxe3+ 24. dxe3 Rxc3 25.
Rfc2 Rcxe3 26. Rxc6 Re2+ 27. Kg1 Qb2 28. Rc8 Rg2+ 29. Kf1 Qe2# 0-1

[Event "World Blitz 2023"]
[Site "Samarkand UZB"]
[Date "2023.12.29"]
[EventDate "2023.12.29"]
[Round "9.51"]
[Result "1-0"]
[White "Dmitry Bocharov"]
[Black "Lev Zverev"]
[WhiteElo "2482"]
[BlackElo "2299"]
[PlyCount "62"]

1. c4 e5 2. d3 Nf6 3. Nf3 Nc6 4. a3 a5 5. Nc3 Bc5 6. g3 O-O 7. Bg2 d6 8.
O-O h6 9. e3 Re8 10. b3 Bb6 11. Bb2 Bf5 12. Qe2 e4 13. dxe4 Nxe4 14. Nd5
Ba7 15. Rad1 Ng5 16. Nh4 Bd7 17. Kh1 Ne7 18. Nf4 Bc6 19. Nh5 Bxg2+ 20. Kxg2
f6 21. f4 Qd7 22. fxg5 hxg5 23. Nxg7 Rf8 24. Nhf5 Ng6 25. Nh5 Ne5 26. Bxe5
fxe5 27. Qg4 Qc6+ 28. e4 Kh8 29. Rd5 Rg8 30. Nf6 Rg7 31. Qh5+ 1-0

[Event "World Blitz 2023"]
[Site "Samarkand UZB"]
[Date "2023.12.29"]
[EventDate "2023.12.29"]
[Round "9.52"]
[Result "0-1"]
[White "Jamshid Mustafaev"]
[Black "Iturrizaga Bonelli, Eduardo"]
[WhiteElo "2323"]
[BlackElo "2645"]
[PlyCount "126"]

1. Nf3 Nf6 2. g3 c5 3. Bg2 Nc6 4. O-O g6 5. d3 Bg7 6. e4 O-O 7. Nbd2 d6 8.
Re1 Ne8 9. c3 Nc7 10. a4 Rb8 11. Nc4 e5 12. Bg5 f6 13. Bc1 Be6 14. Nfd2 Qd7
15. Ne3 f5 16. Nd5 f4 17. Nc4 g5 18. Qh5 h6 19. Nxc7 Qxc7 20. Bh3 Bf7 21.
Qe2 Ne7 22. b4 b6 23. Ba3 Kh8 24. Rad1 Ng8 25. bxc5 dxc5 26. Nd2 Rbd8 27.
Nf3 Rfe8 28. Bf5 Ne7 29. Bh3 Bg6 30. d4 exd4 31. cxd4 Nd5 32. e5 Nc3 33.
Qc4 Nxd1 34. Rxd1 fxg3 35. hxg3 Be4 36. Bg2 Qc6 37. Ne1 Bxg2 38. Nxg2 Rxe5
39. Rc1 Re4 40. Bb2 Bxd4 41. Bxd4+ Rexd4 42. Qf7 Qd7 43. Qf6+ Qg7 44. Qf3
Rf8 45. Qe2 Rxa4 46. Ne3 Ra1 47. Rxa1 Qxa1+ 48. Kg2 Qe5 49. Qh5 Kg7 50. g4
Qe4+ 51. Kg1 Qf3 52. Qh2 Rf4 53. Nf5+ Rxf5 54. gxf5 Qg4+ 55. Kf1 Qxf5 56.
Qc7+ Qf7 57. Qe5+ Kg6 58. Qe4+ Kf6 59. Kg2 Qe6 60. Qh7 Ke5 61. Qxa7 c4 62.
Qc7+ Kd4 63. Qd8+ Qd5+ 0-1

[Event "World Blitz 2023"]
[Site "Samarkand UZB"]
[Date "2023.12.29"]
[EventDate "2023.12.29"]
[Round "9.54"]
[Result "1-0"]
[White "Robert Ruck"]
[Black "Ortik Nigmatov"]
[WhiteElo "2561"]
[BlackElo "2382"]
[PlyCount "44"]

1. Nf3 Nf6 2. c4 g6 3. d4 Bg7 4. g3 O-O 5. Bg2 d6 6. O-O Nc6 7. Nc3 e5 8.
dxe5 dxe5 9. Bg5 Be6 10. Nd2 h6 11. Bxf6 Bxf6 12. Nde4 Bg7 13. Nc5 Bxc4 14.
Nxb7 Qf6 15. Qa4 Be6 16. Qxc6 Rab8 17. b3 Qf5 18. Nc5 Bc8 19. Nd5 Kh7 20.
Qxc7 Be6 21. Ne3 Qe4 22. Nxe4 Rfd8 1-0

[Event "World Blitz 2023"]
[Site "Samarkand UZB"]
[Date "2023.12.29"]
[EventDate "2023.12.29"]
[Round "9.55"]
[Result "0-1"]
[White "Van Foreest, Lucas"]
[Black "Akmal Fayzullaev"]
[WhiteElo "2519"]
[BlackElo "2342"]
[PlyCount "68"]

1. c4 Nf6 2. g3 g6 3. Bg2 Bg7 4. Nc3 O-O 5. d4 d6 6. Nf3 Nc6 7. O-O Bg4 8.
Be3 Nd7 9. d5 Bxf3 10. exf3 Nce5 11. Qe2 Nb6 12. Bxb6 axb6 13. Rfe1 Re8 14.
f4 Nd7 15. h4 Bxc3 16. bxc3 Nf6 17. g4 Qd7 18. g5 Nh5 19. Qe4 Qg4 20. f5
Qxf5 21. Qxf5 gxf5 22. Bf3 Nf4 23. Re3 Ng6 24. h5 Ne5 25. Be2 f4 26. Re4 f3
27. Bf1 Kh8 28. Kh2 Rg8 29. Bh3 Rxg5 30. h6 Rg6 31. a4 Rxh6 32. c5 Rg8 33.
cxb6 Rg2+ 34. Kh1 Rxh3# 0-1

[Event "World Blitz 2023"]
[Site "Samarkand UZB"]
[Date "2023.12.29"]
[EventDate "2023.12.29"]
[Round "9.56"]
[Result "1-0"]
[White "Boris Savchenko"]
[Black "Nikolay Averin"]
[WhiteElo "2513"]
[BlackElo "2283"]
[PlyCount "64"]

1. d4 d5 2. Bf4 Nf6 3. e3 c5 4. c3 Nc6 5. Nd2 Bf5 6. Qb3 Qd7 7. Ngf3 c4 8.
Qa4 a6 9. Nh4 b5 10. Qd1 Be6 11. h3 h6 12. Bg3 g6 13. Be2 Bg7 14. O-O O-O
15. f4 a5 16. a4 b4 17. Bf3 g5 18. f5 Bxf5 19. Nxf5 Qxf5 20. Nxc4 Qe6 21.
Ne5 Nxe5 22. Bxe5 bxc3 23. bxc3 Rfc8 24. Qb3 Qc6 25. Bxf6 Qxf6 26. Bxd5 Qd6
27. Bxa8 Rxa8 28. Rxf7 Kh8 29. Raf1 Qg3 30. Qe6 Bf6 31. R1xf6 exf6 32.
Qxf6+ 1-0

[Event "World Blitz 2023"]
[Site "Samarkand UZB"]
[Date "2023.12.29"]
[EventDate "2023.12.29"]
[Round "9.57"]
[Result "1/2-1/2"]
[White "Munkhdalai Amilal"]
[Black "Mikhail Bryakin"]
[WhiteElo "2293"]
[BlackElo "2495"]
[PlyCount "66"]

1. e4 c6 2. Nc3 d5 3. Nf3 Nf6 4. Qe2 dxe4 5. Nxe4 Nxe4 6. Qxe4 Qd5 7. Qe3
Qe6 8. d4 Qxe3+ 9. Bxe3 Bf5 10. c4 e6 11. Be2 Nd7 12. h3 h6 13. O-O Bd6 14.
Rfd1 O-O-O 15. Bd3 Bxd3 16. Rxd3 e5 17. Rb3 e4 18. Nd2 f5 19. f3 exf3 20.
Nxf3 Rde8 21. Bf2 g5 22. d5 Nc5 23. Re3 Ne4 24. Rd3 Nxf2 25. Kxf2 Bc5+ 26.
Kf1 Re4 27. dxc6 bxc6 28. b3 g4 29. b4 Bxb4 30. Nd4 Bc5 31. Nxc6 Rf4+ 32.
Ke1 Kc7 33. g3 Re4+ 1/2-1/2

[Event "World Blitz 2023"]
[Site "Samarkand UZB"]
[Date "2023.12.29"]
[EventDate "2023.12.29"]
[Round "9.59"]
[Result "0-1"]
[White "Roman Kezin"]
[Black "Sinisa Drazic"]
[WhiteElo "2492"]
[BlackElo "2276"]
[PlyCount "240"]

1. d4 d5 2. c4 dxc4 3. e3 Be6 4. Nc3 Nf6 5. Nf3 c6 6. a4 a5 7. Be2 g6 8.
Ng5 Qc8 9. O-O Bg7 10. Rb1 Na6 11. Nxe6 Qxe6 12. b3 cxb3 13. Rxb3 Nb4 14.
Ba3 O-O 15. Bxb4 axb4 16. Rxb4 Ra7 17. Qc2 Rfa8 18. Rfb1 Nd5 19. Nxd5 cxd5
20. Bd1 Qd7 21. Qb2 Rb8 22. h3 e6 23. Rb5 Qc7 24. Rc1 Qd8 25. Rbc5 Bf8 26.
Rb5 Rc8 27. Rb1 Rc7 28. Qd2 Qc8 29. g3 h5 30. h4 Kg7 31. Kg2 Bd6 32. Rb6
Be7 33. Qd3 Bd8 34. R6b2 Rc3 35. Qb5 Ba5 36. Qe2 b6 37. Qf3 Qc7 38. Be2 Qd6
39. Bb5 Rac7 40. Re2 Rc1 41. Reb2 R1c2 42. Qd1 Rxb2 43. Rxb2 Qa3 44. Rc2
Qb3 45. Rc1 Qxd1 46. Rxd1 Rc2 47. Kf3 Kf6 48. Rb1 Ke7 49. Rf1 Kd6 50. Rd1
Ke7 51. Rg1 Kf6 52. Rf1 Bc3 53. Bd3 Rd2 54. Bb5 Bb2 55. Rb1 Ke7 56. Be2 f5
57. Bb5 Kf6 58. Rf1 Ba3 59. Ra1 Bb2 60. Rb1 Ke7 61. Bc6 Kf7 62. Bd7 Rc2 63.
Bb5 Bc3 64. Bd3 Rd2 65. Be2 Bb2 66. Ba6 Kf6 67. Bb5 e5 68. dxe5+ Kxe5 69.
Be8 Kf6 70. Rf1 d4 71. Re1 dxe3 72. Rxe3 Bd4 73. Re2 Rd3+ 74. Kg2 Bc5 75.
Bb5 Rd4 76. Be8 f4 77. Bb5 fxg3 78. fxg3 Rb4 79. Bd7 Rb3 80. Re6+ Kf7 81.
Rc6 Rc3 82. Be6+ Kg7 83. Bd5 Bd4 84. Re6 Re3 85. Rc6 Rc3 86. Re6 Re3 87.
Rc6 Be5 88. Bf3 Rb3 89. Re6 Bf6 90. Be4 Rb4 91. Bc6 Rb2+ 92. Kf3 Rb3+ 93.
Kg2 Rb4 94. Bb5 Bd4 95. Bd3 Bf6 96. Bb5 Rb1 97. Rc6 Rb2+ 98. Kh3 Bd4 99.
Rc7+ Kf8 100. Bc6 Rb3 101. Kg2 Be5 102. Rc8+ Ke7 103. Bf3 Rb2+ 104. Kh3 Rb4
105. Bd1 Rd4 106. Bf3 Rd3 107. Kg2 Ra3 108. Rc6 Bf6 109. Rxb6 Rxa4 110.
Rb7+ Kf8 111. Bd5 Be7 112. Rb8+ Kg7 113. Rg8+ Kf6 114. Rc8 Ra3 115. Rc6+
Ke5 116. Bf7 Bd6 117. Bxg6 Kd5 118. Be8 Rxg3+ 119. Kf2 Rg7 120. Rc2 0-1